Harry Potter Characters - Statistics

General Stats
  • This quiz has been taken 27 times
  • The average score is 3 of 5
Answer Stats
Hint Answer % Correct
Colin's brother who fell in the lake Dennis Creevey
81%
His daughter was kidnapped by the deatheaters Xenophilius Lovegood
81%
Hepzibah's house elf Hokey
71%
She stole Harry's wand during the Quidditch World Cup (book) Winky
67%
A boy in Hufflepuff that Ginny hit after a quidditch match Zacharias Smith
43%
No matching quizzes found
Score Distribution
Percent of People with Each Score
Percentile by Number Answered
Your Score History
You have not taken this quiz